<?xml version="1.0" encoding="UTF-8"?>
<record
    xmlns:xsi="http://www.w3.org/2001/XMLSchema-instance"
    xsi:schemaLocation="http://www.loc.gov/MARC21/slim http://www.loc.gov/standards/marcxml/schema/MARC21slim.xsd"
    xmlns="http://www.loc.gov/MARC21/slim">

  <leader>00500nam a2200169   4500</leader>
  <controlfield tag="003">SEACOMEC</controlfield>
  <controlfield tag="005">20241207124545.0</controlfield>
  <controlfield tag="008">240309b        |||||||| |||| 00| 0 eng d</controlfield>
  <datafield tag="020" ind1=" " ind2=" ">
    <subfield code="c">Rs.325.00</subfield>
    <subfield code="a">8120313801</subfield>
  </datafield>
  <datafield tag="040" ind1=" " ind2=" ">
    <subfield code="a">SEACOMEC</subfield>
  </datafield>
  <datafield tag="082" ind1=" " ind2=" ">
    <subfield code="a">005.43</subfield>
    <subfield code="b">S617</subfield>
  </datafield>
  <datafield tag="100" ind1=" " ind2=" ">
    <subfield code="a">Sihna,Pranab K.</subfield>
  </datafield>
  <datafield tag="245" ind1="1" ind2=" ">
    <subfield code="a">Distributed operating systems : concerts and design /</subfield>
    <subfield code="c">Pranab K. Sinha</subfield>
  </datafield>
  <datafield tag="260" ind1=" " ind2=" ">
    <subfield code="a">New Delhi</subfield>
    <subfield code="b">Prentice Hall</subfield>
    <subfield code="c">2005</subfield>
  </datafield>
  <datafield tag="650" ind1=" " ind2=" ">
    <subfield code="a">Computer science,*Systems programming and programs</subfield>
  </datafield>
  <datafield tag="942" ind1=" " ind2=" ">
    <subfield code="c">BOOK</subfield>
  </datafield>
  <datafield tag="952" ind1=" " ind2=" ">
    <subfield code="0">0</subfield>
    <subfield code="1">0</subfield>
    <subfield code="2">ddc</subfield>
    <subfield code="4">0</subfield>
    <subfield code="7">0</subfield>
    <subfield code="a">SEACOMEC</subfield>
    <subfield code="b">SEACOMEC</subfield>
    <subfield code="d">2006-06-10</subfield>
    <subfield code="l">0</subfield>
    <subfield code="o">005.43 S617</subfield>
    <subfield code="p">03225</subfield>
    <subfield code="r">2024-08-13 15:38:42</subfield>
    <subfield code="w">2024-08-13</subfield>
    <subfield code="y">BOOK</subfield>
  </datafield>
  <datafield tag="952" ind1=" " ind2=" ">
    <subfield code="0">0</subfield>
    <subfield code="1">0</subfield>
    <subfield code="2">ddc</subfield>
    <subfield code="4">0</subfield>
    <subfield code="7">0</subfield>
    <subfield code="a">SEACOMEC</subfield>
    <subfield code="b">SEACOMEC</subfield>
    <subfield code="d">2006-06-10</subfield>
    <subfield code="l">0</subfield>
    <subfield code="o">005.43 S617</subfield>
    <subfield code="p">03226</subfield>
    <subfield code="r">2024-08-13 15:38:42</subfield>
    <subfield code="t">1</subfield>
    <subfield code="w">2024-08-13</subfield>
    <subfield code="y">BOOK</subfield>
  </datafield>
  <datafield tag="952" ind1=" " ind2=" ">
    <subfield code="0">0</subfield>
    <subfield code="1">0</subfield>
    <subfield code="2">ddc</subfield>
    <subfield code="4">0</subfield>
    <subfield code="7">0</subfield>
    <subfield code="a">SEACOMEC</subfield>
    <subfield code="b">SEACOMEC</subfield>
    <subfield code="d">2007-06-12</subfield>
    <subfield code="l">0</subfield>
    <subfield code="o">005.43 S617</subfield>
    <subfield code="p">7016</subfield>
    <subfield code="r">2024-08-13 15:39:42</subfield>
    <subfield code="t">2</subfield>
    <subfield code="w">2024-08-13</subfield>
    <subfield code="y">BOOK</subfield>
  </datafield>
  <datafield tag="952" ind1=" " ind2=" ">
    <subfield code="0">0</subfield>
    <subfield code="1">0</subfield>
    <subfield code="2">ddc</subfield>
    <subfield code="4">0</subfield>
    <subfield code="7">0</subfield>
    <subfield code="a">SEACOMEC</subfield>
    <subfield code="b">SEACOMEC</subfield>
    <subfield code="d">2007-06-12</subfield>
    <subfield code="l">0</subfield>
    <subfield code="o">005.43 S617</subfield>
    <subfield code="p">7017</subfield>
    <subfield code="r">2024-08-13 15:39:42</subfield>
    <subfield code="t">3</subfield>
    <subfield code="w">2024-08-13</subfield>
    <subfield code="y">BOOK</subfield>
  </datafield>
  <datafield tag="952" ind1=" " ind2=" ">
    <subfield code="0">0</subfield>
    <subfield code="1">0</subfield>
    <subfield code="2">ddc</subfield>
    <subfield code="4">0</subfield>
    <subfield code="7">0</subfield>
    <subfield code="a">SEACOMEC</subfield>
    <subfield code="b">SEACOMEC</subfield>
    <subfield code="d">2007-06-12</subfield>
    <subfield code="l">0</subfield>
    <subfield code="o">005.43 S617</subfield>
    <subfield code="p">7018</subfield>
    <subfield code="r">2024-08-13 15:39:42</subfield>
    <subfield code="t">4</subfield>
    <subfield code="w">2024-08-13</subfield>
    <subfield code="y">BOOK</subfield>
  </datafield>
  <datafield tag="952" ind1=" " ind2=" ">
    <subfield code="0">0</subfield>
    <subfield code="1">0</subfield>
    <subfield code="2">ddc</subfield>
    <subfield code="4">0</subfield>
    <subfield code="7">0</subfield>
    <subfield code="a">SEACOMEC</subfield>
    <subfield code="b">SEACOMEC</subfield>
    <subfield code="d">2007-06-12</subfield>
    <subfield code="l">0</subfield>
    <subfield code="o">005.43 S617</subfield>
    <subfield code="p">7019</subfield>
    <subfield code="r">2024-08-13 15:39:42</subfield>
    <subfield code="t">5</subfield>
    <subfield code="w">2024-08-13</subfield>
    <subfield code="y">BOOK</subfield>
  </datafield>
  <datafield tag="952" ind1=" " ind2=" ">
    <subfield code="0">0</subfield>
    <subfield code="1">0</subfield>
    <subfield code="2">ddc</subfield>
    <subfield code="4">0</subfield>
    <subfield code="7">0</subfield>
    <subfield code="a">SEACOMEC</subfield>
    <subfield code="b">SEACOMEC</subfield>
    <subfield code="d">2007-06-12</subfield>
    <subfield code="l">0</subfield>
    <subfield code="o">005.43 S617</subfield>
    <subfield code="p">7020</subfield>
    <subfield code="r">2024-08-13 15:39:42</subfield>
    <subfield code="t">6</subfield>
    <subfield code="w">2024-08-13</subfield>
    <subfield code="y">BOOK</subfield>
  </datafield>
  <datafield tag="952" ind1=" " ind2=" ">
    <subfield code="0">0</subfield>
    <subfield code="1">0</subfield>
    <subfield code="2">ddc</subfield>
    <subfield code="4">0</subfield>
    <subfield code="7">0</subfield>
    <subfield code="a">SEACOMEC</subfield>
    <subfield code="b">SEACOMEC</subfield>
    <subfield code="d">2008-04-18</subfield>
    <subfield code="l">0</subfield>
    <subfield code="o">005.43 S617</subfield>
    <subfield code="p">10928</subfield>
    <subfield code="r">2024-12-07 12:46:30</subfield>
    <subfield code="t">7</subfield>
    <subfield code="w">2024-12-07</subfield>
    <subfield code="y">BOOK</subfield>
  </datafield>
  <datafield tag="952" ind1=" " ind2=" ">
    <subfield code="0">0</subfield>
    <subfield code="1">0</subfield>
    <subfield code="2">ddc</subfield>
    <subfield code="4">0</subfield>
    <subfield code="7">0</subfield>
    <subfield code="a">SEACOMEC</subfield>
    <subfield code="b">SEACOMEC</subfield>
    <subfield code="d">2008-04-18</subfield>
    <subfield code="l">0</subfield>
    <subfield code="o">005.43 S617</subfield>
    <subfield code="p">10929</subfield>
    <subfield code="r">2024-12-07 12:46:30</subfield>
    <subfield code="t">8</subfield>
    <subfield code="w">2024-12-07</subfield>
    <subfield code="y">BOOK</subfield>
  </datafield>
  <datafield tag="952" ind1=" " ind2=" ">
    <subfield code="0">0</subfield>
    <subfield code="1">0</subfield>
    <subfield code="2">ddc</subfield>
    <subfield code="4">0</subfield>
    <subfield code="7">0</subfield>
    <subfield code="a">SEACOMEC</subfield>
    <subfield code="b">SEACOMEC</subfield>
    <subfield code="d">2008-04-18</subfield>
    <subfield code="l">0</subfield>
    <subfield code="o">005.43 S617</subfield>
    <subfield code="p">10930</subfield>
    <subfield code="r">2024-12-07 12:46:30</subfield>
    <subfield code="t">9</subfield>
    <subfield code="w">2024-12-07</subfield>
    <subfield code="y">BOOK</subfield>
  </datafield>
  <datafield tag="952" ind1=" " ind2=" ">
    <subfield code="0">0</subfield>
    <subfield code="1">0</subfield>
    <subfield code="2">ddc</subfield>
    <subfield code="4">0</subfield>
    <subfield code="7">0</subfield>
    <subfield code="a">SEACOMEC</subfield>
    <subfield code="b">SEACOMEC</subfield>
    <subfield code="d">2008-04-18</subfield>
    <subfield code="l">0</subfield>
    <subfield code="o">005.43 S617</subfield>
    <subfield code="p">10931</subfield>
    <subfield code="r">2024-12-07 12:46:30</subfield>
    <subfield code="t">10</subfield>
    <subfield code="w">2024-12-07</subfield>
    <subfield code="y">BOOK</subfield>
  </datafield>
  <datafield tag="952" ind1=" " ind2=" ">
    <subfield code="0">0</subfield>
    <subfield code="1">0</subfield>
    <subfield code="2">ddc</subfield>
    <subfield code="4">0</subfield>
    <subfield code="7">0</subfield>
    <subfield code="a">SEACOMEC</subfield>
    <subfield code="b">SEACOMEC</subfield>
    <subfield code="d">2008-04-18</subfield>
    <subfield code="l">0</subfield>
    <subfield code="o">005.43 S617</subfield>
    <subfield code="p">10932</subfield>
    <subfield code="r">2024-12-07 12:46:30</subfield>
    <subfield code="t">11</subfield>
    <subfield code="w">2024-12-07</subfield>
    <subfield code="y">BOOK</subfield>
  </datafield>
  <datafield tag="952" ind1=" " ind2=" ">
    <subfield code="0">0</subfield>
    <subfield code="1">0</subfield>
    <subfield code="2">ddc</subfield>
    <subfield code="4">0</subfield>
    <subfield code="7">0</subfield>
    <subfield code="a">SEACOMEC</subfield>
    <subfield code="b">SEACOMEC</subfield>
    <subfield code="d">2008-04-18</subfield>
    <subfield code="l">0</subfield>
    <subfield code="o">005.43 S617</subfield>
    <subfield code="p">10933</subfield>
    <subfield code="r">2024-12-07 12:46:30</subfield>
    <subfield code="t">12</subfield>
    <subfield code="w">2024-12-07</subfield>
    <subfield code="y">BOOK</subfield>
  </datafield>
  <datafield tag="999" ind1=" " ind2=" ">
    <subfield code="c">746</subfield>
    <subfield code="d">746</subfield>
  </datafield>
</record>
